Statistics for U.S. Cities With Largest African-American Population

Click here to take the quiz!

General Stats

  • This quiz has been taken 60 times
  • The average score is 9 of 15

Answer Stats

RankState% of African-AmericansCity% Correct
3Mississippi79.4%Jackson
100%
1Michigan82.7%Detroit
98%
11Louisiana60.2%New Orleans
86%
9Maryland63.7%Baltimore
80%
7Alabama73.4%Birmingham
78%
2Indiana80.92%Gary
78%
10Tennessee62.6%Memphis
76%
12Louisiana58.5%Baton Rouge
75%
15Georgia55.4%Savannah
73%
14Michigan56.6%Flint
63%
13Delaware58Wilmington
61%
5Florida76.3%Miami Gardens
24%
8Georgia71.6%Albany
14%
4Pennsylvania77.8%Chester
12%
6South Carolina75.04%Orangeburg
8%

Score Distribution

Percentile by Number Answered

Percent of People with Each Score

Your Score History

You have not taken this quiz